A look at the Book: (Record no. 3332)

000 -LEADER
fixed length control field 00681nam a2200193 a 4500
001 - CONTROL NUMBER
control field :::00001062$&:&@@
003 - CONTROL NUMBER IDENTIFIER
control field OkBaRHE
005 - DATE AND TIME OF LATEST TRANSACTION
control field 20100331161006.0
008 - FIXED-LENGTH DATA ELEMENTS--GENERAL INFORMATION
fixed length control field s1983 j 000 0 eng u
040 ## - CATALOGING SOURCE
Transcribing agency
100 1# - MAIN ENTRY--PERSONAL NAME
Personal name McCall, Thomas S. and Levitt, Zola.
245 12 - TITLE STATEMENT
Title A look at the Book:
Remainder of title a survey of the Bible Jesus loved and lived.
260 ## - PUBLICATION, DISTRIBUTION, ETC. (IMPRINT)
Place of publication, distribution, etc San Bernardino, CA., :
Name of publisher, distributor, etc Here's Life Publishers
Date of publication, distribution, etc 1983
300 ## - PHYSICAL DESCRIPTION
Extent 372 p. ;
Dimensions 21 cm..
650 ## - SUBJECT ADDED ENTRY--TOPICAL TERM
Topical term or geographic name as entry element Bible
General subdivision Criticism, Interpretation, etc.
700 ## - ADDED ENTRY--PERSONAL NAME
Personal name Levitt, Zola, Joint author.
942 ## - ADDED ENTRY ELEMENTS (KOHA)
Source of classification or shelving scheme
Koha item type Books
Copies
Copy number Full call number Shelving location Lost status Date acquired Barcode Damaged status Date last seen Withdrawn status Not for loan Permanent Location Koha item type Price effective from Source of classification or shelving scheme
1BS 511.2 .M37 1983General Stacks 2010-04-141062 2010-04-14  RHEMA Bible Training CollegeBooks2010-04-14